000 00786cab a2200277 4500
001 ABS58049
008 090401t1997 xxu||||| |||| 00| 0 eng d
035 _a(Sirsi) u82608
041 _aeng
100 _aClark, P.
245 2 _aA fear of funding
260 _c1997
350 _a0
490 _aProperty Week
_v61(10) 5 December 1997, 23(1)
520 _aAnalyses the different funding options available for property development.
650 _aBANK LENDING
650 _aDEVELOPMENT FINANCE
650 _aDEVELOPMENT FUNDING
650 _aINSTITUTIONAL INVESTORS
650 _aJOINT VENTURES PARTNERSHIPS
650 _aPROPERTY FINANCE
650 _aPROPERTY INVESTORS
690 _aPROPERTY-PROPERTY FINANCE AND INVESTMENT
942 _n0
948 _c10/12/1997
999 _c52179
_d52179